Statystyki dla Kraje Należące do Nato

Kliknij tutaj aby rozwiązać quiz!

Ogólne statystyki

  • Ten quiz został rozwiązany 270 razy
  • Średni wynik to 24 z 30

Statystyki odpowiedzi

#Kraje% Poprawnych
1Polska
100%
2Stany Zjednoczone
94%
13Niemcy
93%
4Francja
91%
8Hiszpania
89%
7Czechy
85%
23Portugalia
84%
25Słowacja
84%
20Norwegia
83%
30Włochy
83%
29Wielka Brytania
82%
3Grecja
81%
21Litwa
81%
6Estonia
80%
10Belgia
79%
15Holandia
79%
22Łotwa
79%
5Dania
78%
17Kanada
78%
27Turcja
75%
12Chorwacja
74%
24Rumunia
74%
26Słowenia
74%
28Węgry
73%
11Bułgaria
72%
18Luksemburg
67%
9Albania
64%
16Islandia
64%
19Macedonia Północna
60%
14Czarnogóra
55%

Rozkład punktacji

Percentyl według liczby udzielonych odpowiedzi

Procent ludzi z każdym wynikiem

Twoja historia wyników

Nie rozwiązałeś tego quizu